000 00654nam a2200217 i 4500
001 37298
003 ES-MaACL
005 20240224063057.0
007 t|
008 030220s1970 sp ||||1| spa d
100 0 _aBuchard, Robert
_932287
245 1 0 _a30 segundos sobre Nueva York /
_cpor Robert Buchard ; [traducción de Mariano Tudela].
250 _a1ª ed.
260 _a[Barcelona] :
_bPlaza & Janés,
_c[1970]
300 _a278 p. ;
_c19 cm.
700 _aTulard, Jean,
_9235258
_d1933-
740 0 _aTreinta segundos sobre Nueva York.
852 _aES-MaACL
_jC-39696
_bR.75652
942 _2udc
999 _c37298
_d37298